Loading...

Multivariate statistical methods in behavioral research /

Bibliografiske detaljer
Hovedforfatter: Bock, R. Darrell
Format: Printed Book
Sprog:English
Udgivet: New York : McGraw-Hill, 1975.
Serier:McGraw-Hill series in psychology
LEADER 00534nam a2200145Ia 4500
008 150624b xxu||||| |||| 00| 0 eng d
082 |a 519.535 
100 |a Bock, R. Darrell 
245 |a Multivariate statistical methods in behavioral research /  |c R. Darrell Bock 
260 |a New York :  |b McGraw-Hill,  |c 1975. 
300 |a 623 p. 
490 |a McGraw-Hill series in psychology 
942 |c BK 
999 |c 19741  |d 19741 
952 |0 0  |1 0  |4 0  |6 519_535000000000000_BOC_M  |7 0  |9 19740  |a UL  |b UL  |c SEC  |d 1998-09-07  |l 0  |o 519.535 BOC/M  |p 29633  |r 2012-10-27  |w 2012-10-27  |y BK